入境中国旅游人次最多的国家 Countries with most tourist arrivals in China - Statistics

General Stats
  • This quiz has been taken 61 times
  • The average score is 19 of 21
Answer Stats
排名 人次 国家 % Correct
1 227330 越 南
100%
2 207822 韩 国
100%
3 180577 俄罗斯
100%
6 49166 美 国
100%
13 14070 日 本
100%
16 9714 法 国
100%
17 9308 英 国
100%
5 81393 泰 国
96%
21 5276 印 度
96%
10 19819 德 国
94%
18 6470 加拿大
94%
9 20449 西班牙
91%
14 13474 意大利
91%
20 5682 巴基斯坦
89%
4 107358 马来西亚
87%
7 35436 新加坡
85%
8 31458 印度尼西亚
85%
11 19228 澳大利亚
83%
12 15634 蒙 古
74%
15 13081 菲律宾
70%
19 5740 波 兰
49%
No matching quizzes found
Score Distribution
Percent of People with Each Score
Percentile by Number Answered
Your Score History
You have not taken this quiz